| LEADER | 01132nam a2200325 a 4500 | ||
|---|---|---|---|
| 001 | nkc20112168369 | ||
| 003 | CZ PrNK | ||
| 005 | 20110331125931.0 | ||
| 007 | ta | ||
| 008 | 110223s2010 xr ab e f 000 0 cze | ||
| 015 | |a cnb002168369 | ||
| 020 | |q (Brož.) : |c neprodejné | ||
| 040 | |a BOA001 |b cze | ||
| 041 | 1 | |a cze |a pol |h cze | |
| 043 | |a e-xr--- |b e-xr-ol |2 czenas | ||
| 072 | 7 | |a 913(437) |x Geografie Česka a Slovenska, reálie, cestování |2 Konspekt |9 7 | |
| 080 | |a 908(437.325) |2 MRF | ||
| 080 | |a (036) |2 MRF | ||
| 245 | 0 | 0 | |a Hranicko : |b region, který je škoda nenavštívit = region, którego szkoda nie odwiedzić |
| 260 | |a Hranice : |b Město Hranice, |c 2010 | ||
| 300 | |a [26] s. : |b barev. il., 1 mapa ; |c 16 x 23 cm | ||
| 500 | |a Název z obálky | ||
| 546 | |a Souběžný polský text | ||
| 655 | 7 | |a informační publikace |7 fd132454 |2 czenas | |
| 651 | 7 | |a Hranice (Přerov, Česko : oblast) |7 ge134230 |x vlastivěda |2 czenas | |
| 910 | 2 | |a BOA001 |b 2-1264.084 | |
| 990 | |a BK | ||
| 995 | |a 60 | ||
| 991 | |b 201103 |e n | ||
| 996 | 6 | |b 2610472513 |c 2-1264.084 |l MZK |r Sklad / do 1 hodiny |n 0 |p p.v. |w 001172085 |u 000010 |a 1 |e BOA001 |j MZK50 |s P | |
English
Čeština 